Coca-Cola superstar / (Запис № 481905)

МАРК-запис
000 -LEADER
fixed length control field 01285cam a2200313Ma 4500
001 - CONTROL NUMBER
control field cocacolasupersta00steirich
003 - CONTROL NUMBER IDENTIFIER
control field CaSfIA
005 - DATE AND TIME OF LATEST TRANSACTION
control field 20210117224546.0
007 - PHYSICAL DESCRIPTION FIXED FIELD--GENERAL INFORMATION
fixed length control field cr||||
008 - FIXED-LENGTH DATA ELEMENTS--GENERAL INFORMATION
fixed length control field 900209s1988 nyu 000 0 eng d
010 ## - LIBRARY OF CONGRESS CONTROL NUMBER
LC control number 88023585
040 ## - CATALOGING SOURCE
Original cataloging agency AU@
Language of cataloging eng
Transcribing agency AU@
Modifying agency CaSfIA
020 ## - INTERNATIONAL STANDARD BOOK NUMBER
International Standard Book Number 0812059980
020 ## - INTERNATIONAL STANDARD BOOK NUMBER
International Standard Book Number 9780812059984
035 ## - SYSTEM CONTROL NUMBER
System control number (OCoLC)224410795
041 0# - LANGUAGE CODE
Language code of text/sound track or separate title eng
-- ita
029 0# - (OCLC)
OCLC library identifier AU@
System control number 000027563961
100 1# - MAIN ENTRY--PERSONAL NAME
Personal name Steinbach Palazzini, Fiora.
245 10 - TITLE STATEMENT
Title Coca-Cola superstar /
Medium [electronic resource]
Statement of responsibility, etc Fiora Steinbach Palazzini.
260 ## - PUBLICATION, DISTRIBUTION, ETC. (IMPRINT)
Place of publication, distribution, etc New York :
Name of publisher, distributor, etc Barron's,
Date of publication, distribution, etc 1988.
300 ## - PHYSICAL DESCRIPTION
Extent 142p.
506 ## - RESTRICTIONS ON ACCESS NOTE
Standardized terminology for access restriction Необхідна авторизація на https://archive.org/ (створення облікового запису безкоштовно)
506 ## - RESTRICTIONS ON ACCESS NOTE
Standardized terminology for access restriction Необхідна авторизація на https://openlibrary.org/ (створення облікового запису безкоштовно)
610 20 - SUBJECT ADDED ENTRY--CORPORATE NAME
Corporate name or jurisdiction name as entry element Coca-Cola Company.
650 #0 - SUBJECT ADDED ENTRY--TOPICAL TERM
Topical term or geographic name as entry element Soft drink industry
General subdivision History.
856 41 - ELECTRONIC LOCATION AND ACCESS
Uniform Resource Identifier <a href="http://www.archive.org/details/cocacolasupersta00steirich">http://www.archive.org/details/cocacolasupersta00steirich</a>
Public note Free eBook from the Internet Archive
856 42 - ELECTRONIC LOCATION AND ACCESS
Uniform Resource Identifier <a href="http://www.openlibrary.org/books/OL2046467M">http://www.openlibrary.org/books/OL2046467M</a>
Public note Additional information and access via Open Library
942 ## - ADDED ENTRY ELEMENTS (KOHA)
Koha item type ЕКнига

Немає доступних примірників.